| 000 | nam a22 a 4500 | ||
|---|---|---|---|
| 999 |
_c3379 _d3379 |
||
| 003 | AKMAL | ||
| 005 | 20170522124055.0 | ||
| 008 | 170522s1997 flu 00 eng d | ||
| 020 |
_a983899829X (invalid ): _cRM 36.90 _z9838998257 |
||
| 040 | _aAKMAL | ||
| 082 | 0 | 4 | _a658.4013 PET |
| 090 | 0 | 0 |
_a658.4013 _bPET |
| 100 | 1 |
_aPetrick, Joseph A., _d1946- _96833 |
|
| 245 | 1 | 0 |
_aTotal quality in managing human resources / _cby Joseph A. Petrick, Diana S. Furr |
| 260 |
_aKuala Lumpur : _bSynergy Books International, _c1997 |
||
| 300 |
_axviii, 370p. : _bill. ; _c22cm |
||
| 500 | _aIncludes index | ||
| 504 | _aIncludes bibliographical references | ||
| 650 | 0 |
_aPersonnel management _9602 |
|
| 650 | 0 |
_aTotal quality management _9541 |
|
| 700 | 1 |
_aFurr, Diana S. _96834 |
|
| 942 |
_2ddc _cBOOK |
||